[Event "It (open) \"]
[Site "masterchessopen.com - Budapest (Hungary)"]
[Round "1"]
[White "Izso Istvan (HUN)"]
[Black "Cseke Richard (HUN)"]
[Result "0-1"]
[WhiteElo "1487"]
[BlackElo "2252"]

1.Nf3 Nf6 2.c4 g6 3.Nc3 Bg7 4.d4 O-O 5.g3 c5 6.d5 e6 7.Bg2 exd5 8.cxd5 d6
9.O-O Re8 10.Bg5 h6 11.Bd2 Na6 12.Rc1 Nc7 13.Ne1 b5 14.a3 a5 15.Be3 b4 16.Nb1
Bb7 17.Bxc5 dxc5 18.Rxc5 Ncxd5 19.Nc2 Rc8 20.axb4 axb4 21.Rxc8 Qxc8 22.Re1 Ne7
23.e4 Rd8 24.Qc1 b3 25.e5 bxc2 26.Nc3 Nfd5 27.Qxc2 Nxc3 28.bxc3 Bxg2 29.Kxg2
Qc6+ 30.f3 Qd5 {#R} 0-1

[Event "Ch Czech Republic (juniors) (team) 1999/00"]
[Site "masterchessopen.com - Czech Republic"]
[Round "0"]
[White "Civin Tomas (CZE)"]
[Black "Smejkal Ladislav (CZE)"]
[Result "1-0"]
[WhiteElo "2258"]
[BlackElo "2131"]

1.d4 Nf6 2.c4 e6 3.g3 c5 4.d5 exd5 5.cxd5 d6 6.Nc3 g6 7.Bg2 Bg7 8.Nf3 O-O
9.O-O Na6 10.Nd2 Nc7 11.a4 b6 12.Rb1 Ba6 13.b4 cxb4 14.Rxb4 Re8 15.Bb2 Rc8
16.Nc4 Bb7 17.Ne3 Na6 18.Rc4 Nc5 19.Nb5 a6 20.Na7 Ra8 21.Nc6 Qc7 22.Qa1 Nb3
23.Qd1 Nc5 24.Qb1 Nfd7 25.Bxg7 Kxg7 26.Rh4 Rxe3 27.fxe3 f6 28.Qb4 Bxc6 29.dxc6
Ne5 30.Qf4 Rf8 31.Qh6+ {#r} 1-0

[Event "It (open)"]
[Site "masterchessopen.com - Dubai (United Arab Emirates)"]
[Round "9"]
[White "Ulibin Mikhail (RUS)"]
[Black "Hakki Imad (SYR)"]
[Result "1-0"]
[WhiteElo "2583"]
[BlackElo "2429"]

1.d4 Nf6 2.c4 e6 3.g3 c5 4.d5 exd5 5.cxd5 d6 6.Nc3 g6 7.Bg2 Bg7 8.Nf3 O-O
9.O-O Re8 10.Bf4 Ne4 11.Nxe4 Rxe4 12.Nd2 Re8 13.Ne4 Bxb2 14.Nxd6 g5 15.Rb1
gxf4 16.Nxe8 Bh8 17.Qa4 Bd7 18.Qxf4 Bxe8 19.Rxb7 Nd7 20.d6 Ne5 21.Rd1 Rc8
22.Bh3 Bc6 23.Re7 Rb8 24.Rxe5 Bxe5 25.Qxe5 {#r} 1-0

[Event "Ch France (team) 2000"]
[Site "masterchessopen.com - France"]
[Round "6"]
[White "Giua Frederic (FRA)"]
[Black "Sellos Didier (FRA)"]
[Result "0-1"]
[WhiteElo "2165"]
[BlackElo "2372"]

1.d4 Nf6 2.g3 c5 3.d5 e6 4.c4 exd5 5.cxd5 d6 6.Nc3 g6 7.Bg2 Bg7 8.Nf3 O-O
9.O-O a6 10.a4 Nbd7 11.h3 Rb8 12.Rb1 Qc7 13.b3 Re8 14.Re1 b5 15.axb5 axb5
16.Nd2 Ne5 17.f4 Neg4 18.hxg4 Nxg4 19.Nde4 b4 20.Na4 Bf5 21.e3 Rxe4 22.Bxe4
Bxe4 23.Qxg4 Bxb1 24.Qe2 Be4 25.Rd1 Qd7 26.Kh2 h5 27.Bb2 Qf5 28.Qc4 h4 {#R}
0-1

[Event "Ch Hungary (team) 2000/01 (3 liga)"]
[Site "masterchessopen.com - Hungary"]
[Round "3"]
[White "Schrancz Istvan (HUN)"]
[Black "Cseke Richard (HUN)"]
[Result "1-0"]
[WhiteElo "2278"]
[BlackElo "2252"]

1.d4 Nf6 2.Nf3 g6 3.c4 c5 4.d5 e6 5.Nc3 exd5 6.cxd5 d6 7.g3 Bg7 8.Bg2 O-O
9.O-O Re8 10.Nd2 b6 11.Re1 Ba6 12.a4 Nbd7 13.Nb5 Bxb5 14.axb5 Ng4 15.h3 Nh6
16.Ne4 Qe7 17.Bg5 f6 18.Bd2 Nf7 19.f4 f5 20.Nc3 Nf6 21.e3 h5 22.Qc2 Kh7 23.e4
fxe4 24.Nxe4 Nxe4 25.Rxe4 Bd4+ 26.Kh2 Qd7 27.Re6 Nh8 28.f5 Qxb5 29.fxg6+ Kg7
30.Qf5 Rxe6 31.Qxe6 Nxg6 32.Be4 Bf6 33.Bxg6 Kxg6 34.Bc3 Rf8 35.Qe4+ Kh6
36.Rxa7 Bxc3 37.Rh7+ Kg5 38.h4+ {#r} 1-0

[Event "Ch Israel (team)"]
[Site "masterchessopen.com - Israel"]
[Round "8"]
[White "Mikhalevski Victor (ISR)"]
[Black "Lipes Yosef (ISR)"]
[Result "1-0"]
[WhiteElo "2532"]
[BlackElo "2200"]

1.d4 Nf6 2.c4 c5 3.d5 e6 4.Nc3 exd5 5.cxd5 d6 6.Nf3 g6 7.g3 Bg7 8.Bg2 O-O
9.O-O Re8 10.Nd2 a6 11.a4 b6 12.Nc4 Ra7 13.h3 Rb7 14.Bf4 Bf8 15.Qd2 Nh5 16.Bg5
f6 17.Bh6 Ng7 18.e4 Bd7 19.Kh2 b5 20.axb5 Bxb5 21.Na5 Rf7 22.Rfe1 f5 23.Nxb5
axb5 24.Nc6 Nxc6 25.dxc6 fxe4 26.Bxe4 Nf5 27.Bxf5 Rxf5 28.c7 Qc8 29.Rxe8 Qxe8
30.Qe3 Re5 31.Qf3 Rf5 32.Ra8 {#r} 1-0

[Event "It (open)"]
[Site "masterchessopen.com - Kassel (Germany)"]
[Round "3"]
[White "Schenk Uwe Dr (GER)"]
[Black "Schlange Stefan (GER)"]
[Result "0-1"]
[WhiteElo "2148"]
[BlackElo "2233"]

1.d4 Nf6 2.c4 c5 3.d5 e6 4.Nc3 exd5 5.cxd5 d6 6.g3 g6 7.Bg2 Bg7 8.Nf3 O-O
9.O-O Na6 10.Nd2 Nc7 11.Nc4 Qe7 12.a4 Rb8 13.Bf4 Rd8 14.Qb3 b5 15.axb5 Nxb5
16.Nxb5 a6 17.Ncxd6 Rb6 18.Nxc8 Rxc8 19.e4 Rxb5 20.Qa4 Rxb2 21.Qxa6 Qd7
22.Rad1 Ng4 23.Bc1 Rc2 24.Bh3 Bd4 25.Bxg4 Qxg4 26.Qd3 Rc3 27.Qa6 Re8 28.d6
Rxe4 29.Qa8+ Kg7 30.d7 Rxg3+ {#R} 0-1

[Event "It (open) (seniors)"]
[Site "masterchessopen.com - Liechtenstein"]
[Round "5"]
[White "Kock Hans-Uwe (LIE)"]
[Black "Frei Eugen (SUI)"]
[Result "1-0"]
[WhiteElo "2167"]
[BlackElo "2023"]

1.d4 Nf6 2.c4 e6 3.Nf3 c5 4.d5 exd5 5.cxd5 d6 6.Nc3 g6 7.g3 Bg7 8.Bg2 O-O
9.O-O Re8 10.Nd2 a6 11.a4 b6 12.Nc4 Ra7 13.e4 Ng4 14.h3 Ne5 15.Ne3 Rb7 16.f4
Ned7 17.Nc4 Bf8 18.e5 b5 19.axb5 axb5 20.Nxd6 Bxd6 21.exd6 Nf6 22.f5 b4 23.Na4
Nbd7 24.fxg6 hxg6 25.Bg5 Re5 26.h4 Rb5 27.b3 Bb7 28.Ra2 Ra5 29.Raf2 Ba6 30.Re1
Qe8 31.Rxe5 Qxe5 32.Qf3 Kg7 33.Bh3 Qxd6 34.Bxd7 Nxd7 35.Qxf7+ Kh8 36.Qe8+ {#r}
1-0

[Event "Ch Finland (open)"]
[Site "masterchessopen.com - Naantali (Finland)"]
[Round "6"]
[White "Kanko Ilkka (FIN)"]
[Black "Henriksson Svante (FIN)"]
[Result "0-1"]
[WhiteElo "2206"]
[BlackElo "2150"]

1.d4 Nf6 2.c4 c5 3.d5 e6 4.Nc3 exd5 5.cxd5 d6 6.Nf3 g6 7.g3 Bg7 8.Bg2 O-O
9.O-O Re8 10.Nd2 Na6 11.Nc4 Nc7 12.a4 b6 13.Nxd6 Qxd6 14.Bf4 Qd7 15.d6 Ne6
16.Bxa8 Nxf4 17.gxf4 Qg4+ 18.Bg2 Qxf4 19.Qd3 Ng4 20.Qg3 Qh6 21.h3 Be5 22.f4
Bd4+ 23.Kh1 Ne3 24.Nd5 Nxd5 25.Bxd5 Bxh3 26.Qh2 Rxe2 27.Qxe2 Be6+ {#R} 0-1

[Event "Ch Netherlands (team) 2000"]
[Site "masterchessopen.com - Netherlands"]
[Round "5"]
[White "Ligterink Gert (NED)"]
[Black "Van Blitterswijk Stefan (NED)"]
[Result "0-1"]
[WhiteElo "2391"]
[BlackElo "2351"]

1.d4 Nf6 2.Nf3 c5 3.d5 e6 4.c4 exd5 5.cxd5 d6 6.Nc3 g6 7.g3 Bg7 8.Bg2 O-O
9.O-O a6 10.a4 Nbd7 11.e4 Re8 12.Re1 c4 13.Bf4 Nc5 14.e5 Ng4 15.e6 fxe6
16.dxe6 Nd3 17.Ng5 Qb6 18.Qf3 Qxb2 19.Be5 Qxf2+ 20.Qxf2 Ngxf2 21.Bxg7 Kxg7
22.Rf1 h6 23.Nge4 Nxe4 24.Rf7+ Kh8 25.Nxe4 Bxe6 26.Rxb7 Bd5 27.Nxd6 Bxb7
28.Bxb7 c3 29.Nxe8 Rxe8 30.Bxa6 Re1+ {#R} 0-1

[Event "Tournament"]
[Site "masterchessopen.com - Torre Blanca (Argentina)"]
[Round "3"]
[White "Campos Jose Felix (ARG)"]
[Black "Andretta Gaston (ARG)"]
[Result "1-0"]
[WhiteElo "2255"]
[BlackElo "2205"]

1.d4 Nf6 2.c4 c5 3.d5 e6 4.Nc3 exd5 5.cxd5 d6 6.Nf3 g6 7.g3 Bg7 8.Bg2 O-O
9.O-O Re8 10.Nd2 b6 11.a4 Ba6 12.Nb5 Qe7 13.e4 Qd7 14.Qb3 Qd8 15.f4 Bb7 16.a5
Na6 17.Rd1 Nb4 18.Nc4 Nxe4 19.Bxe4 Rxe4 20.Ncxd6 Re7 21.Nxb7 Rxb7 22.a6 Re7
23.d6 Re4 24.Qf3 f5 25.d7 Nc6 26.Qb3+ c4 27.Qa4 Rb8 28.Kg2 Qf8 29.Nd6 Re2+
30.Kh1 b5 31.Nxb5 {#r} 1-0

[Event "Ch Romania (1/2 final)"]
[Site "masterchessopen.com - Tusnad (Romania)"]
[Round "10"]
[White "Zamfir Ioan (ROM)"]
[Black "Ionescu Cristian-Dan (ROM)"]
[Result "0-1"]
[WhiteElo "2144"]
[BlackElo "2313"]

1.d4 e6 2.c4 c5 3.d5 exd5 4.cxd5 d6 5.Nc3 g6 6.Nf3 Bg7 7.g3 Nf6 8.Bg2 O-O
9.O-O Na6 10.Nd2 Nc7 11.Nc4 Nfe8 12.Bf4 b5 13.Na5 Qd7 14.Qd2 Nf6 15.a3 c4
16.Rab1 Nh5 17.Be3 Ne8 18.b3 cxb3 19.Rxb3 a6 20.Nc6 Nc7 21.Bd4 Nf6 22.e4 Bb7
23.Na5 Rab8 24.Rfb1 Ba8 25.a4 Qe8 26.Ba7 Rc8 27.Bb6 bxa4 28.Rb4 a3 29.Bh3 Nd7
30.Nc4 Qe7 {#R} 0-1

[Event "Ch Slovakia (open)"]
[Site "masterchessopen.com - Zvolen (Slovakia)"]
[Round "9"]
[White "Verevotchkina Elena (RUS)"]
[Black "Virostko Petr (CZE)"]
[Result "1-0"]
[WhiteElo "2142"]
[BlackElo "2323"]

1.d4 Nf6 2.Nf3 c5 3.d5 e6 4.c4 exd5 5.cxd5 d6 6.Nc3 g6 7.g3 Bg7 8.Bg2 O-O
9.O-O a6 10.a4 Nbd7 11.Bf4 Qc7 12.h3 Nh5 13.Bc1 Rb8 14.g4 Nhf6 15.Bf4 Re8
16.Qd3 c4 17.Qc2 Nc5 18.Nd4 Bd7 19.Rfd1 b5 20.axb5 axb5 21.Nc6 b4 22.Ra7 Qb6
23.Na4 Nxa4 24.Rxa4 Nxd5 25.Nxb8 Bxa4 26.Qxa4 Rxe2 27.Be3 Qxb8 28.Bxd5 c3
29.bxc3 bxc3 30.Qc4 Rb2 31.Bxf7+ Kh8 32.Rc1 Rb1 33.Kg2 {#r} 1-0

[Event "It (open)"]
[Site "masterchessopen.com - Castellaneta (Italy)"]
[Round "6"]
[White "Chatalbashev Boris (BUL)"]
[Black "Orlov Andrey (RUS)"]
[Result "1-0"]
[WhiteElo "2494"]
[BlackElo "2367"]

1.d4 Nf6 2.Nf3 c5 3.d5 e6 4.c4 exd5 5.cxd5 d6 6.Nc3 g6 7.g3 Bg7 8.Bg2 O-O
9.O-O Na6 10.Nd2 Nc7 11.Nc4 Nfe8 12.a4 b6 13.Bd2 Rb8 14.Na3 Ba6 15.Nab5 Bxb5
16.axb5 Ra8 17.e4 a6 18.bxa6 b5 19.Qe2 Qb8 20.Ra5 b4 21.Na4 Ra7 22.e5 Qd8
23.exd6 Nxd6 24.Nxc5 Nxd5 25.Nb7 Rxb7 26.Rxd5 Rd7 27.Bxb4 {#r} 1-0

[Event "It (open)"]
[Site "masterchessopen.com - Bad Wiessee (Germany)"]
[Round "3"]
[White "Gleizerov Evgeny (RUS)"]
[Black "Smith Bryan G (USA)"]
[Result "1-0"]
[WhiteElo "2575"]
[BlackElo "2312"]

1.d4 Nf6 2.c4 e6 3.g3 c5 4.d5 exd5 5.cxd5 d6 6.Nc3 g6 7.Nf3 Bg7 8.Bg2 O-O
9.O-O Na6 10.Nd2 Nc7 11.Nc4 Nfe8 12.a4 b6 13.Qc2 f5 14.b3 Qd7 15.Bf4 h6 16.h4
Ba6 17.Rad1 b5 18.axb5 Nxb5 19.Nxb5 Bxb5 20.e4 Bxc4 21.Qxc4 Rb8 22.Bh3 Rb4
23.Qc2 Nc7 24.Bd2 Rd4 25.h5 Qe8 26.b4 fxe4 27.bxc5 Nxd5 28.cxd6 Kh8 29.Bxh6
Rxd1 30.Bxg7+ Kxg7 31.Rxd1 Qe5 32.Qc5 e3 33.Qxd5 exf2+ 34.Kf1 Qxg3 35.Qg2 {#r}
1-0

[Event "It (open)"]
[Site "masterchessopen.com - Bad Zwesten (Germany)"]
[Round "4"]
[White "Lingnau Carsten (GER)"]
[Black "Chuchelov Vladimir (BEL)"]
[Result "0-1"]
[WhiteElo "2418"]
[BlackElo "2607"]

1.d4 Nf6 2.c4 e6 3.g3 c5 4.d5 exd5 5.cxd5 d6 6.Nc3 g6 7.Bg2 Bg7 8.Nf3 O-O
9.O-O Na6 10.h3 Nc7 11.a4 b6 12.e4 Bb7 13.Rb1 Nd7 14.Bf4 Qe7 15.Re1 f6 16.b4
Rab8 17.Qd2 Rfd8 18.Qa2 Kh8 19.Nb5 Nxb5 20.axb5 Ra8 21.Bf1 Re8 22.Rb3 Qf8
23.Bc4 cxb4 24.Nd4 Nc5 25.Ne6 Qe7 26.Rxb4 Nxe6 27.dxe6 d5 28.exd5 Qxb4 29.Rb1
Qc3 30.Bf1 Rxe6 31.Rc1 Qf3 32.Bg2 Qe2 33.Qxe2 Rxe2 34.Rc7 Bxd5 35.Bxd5 Rb8
36.Bc6 Ra2 37.h4 Bf8 38.Be3 Bc5 {#R} 0-1

[Event "Ch Azerbaijan (w)"]
[Site "masterchessopen.com - Baku (Azerbaijan)"]
[Round "0"]
[White "Alieva Elmira (AZE)"]
[Black "Agayeva Aytan (AZE)"]
[Result "1-0"]
[WhiteElo "2255"]
[BlackElo "1964"]

1.d4 Nf6 2.c4 c5 3.d5 e6 4.Nc3 exd5 5.cxd5 d6 6.g3 g6 7.Bg2 Bg7 8.Nf3 O-O
9.O-O a6 10.a4 Nbd7 11.Bf4 Qc7 12.Rc1 Nh5 13.Be3 {#r} 1-0

[Event "Memorial Em.Lasker (open)"]
[Site "masterchessopen.com - Barlinek (Czech Republic)"]
[Round "2"]
[White "Gleizerov Evgeny (RUS)"]
[Black "Shilov Sergej (UKR)"]
[Result "1-0"]
[WhiteElo "2575"]
[BlackElo "2291"]

1.d4 Nf6 2.c4 c5 3.d5 e6 4.Nc3 exd5 5.cxd5 d6 6.Nf3 g6 7.g3 Bg7 8.Bg2 O-O
9.O-O Re8 10.Bf4 h6 11.Qc1 Kh7 12.Re1 g5 13.Bd2 a6 14.a4 Nbd7 15.h4 g4 16.Nh2
Rb8 17.Nf1 b5 18.axb5 axb5 19.b4 Ne5 20.Ne3 cxb4 21.Na2 b3 22.Qb1+ Ng6 23.Nb4
Bd7 24.Nc6 Bxc6 25.dxc6 b2 26.Ra7 Re7 27.Rxe7 Qxe7 28.Bc3 Qe6 29.Bxb2 Kg8
30.Rc1 Rc8 31.Bxf6 Bxf6 32.Bd5 Qe7 33.Qxg6+ {#r} 1-0

[Event "It (open)"]
[Site "masterchessopen.com - Baunatal (Germany)"]
[Round "1"]
[White "Ksieski Zbigniew (POL)"]
[Black "Schausten Peter (GER)"]
[Result "1-0"]
[WhiteElo "2420"]
[BlackElo "2000"]

1.d4 Nf6 2.c4 c5 3.d5 e6 4.Nc3 exd5 5.cxd5 d6 6.g3 g6 7.Bg2 Bg7 8.Nf3 O-O
9.O-O b6 10.e4 Re8 11.Re1 Nbd7 12.Bf4 Qe7 13.Nb5 Ne5 14.Bxe5 dxe5 15.d6 Qd7
16.Nc7 Bb7 17.Nxa8 Bxa8 18.Qd3 Bc6 19.Rad1 Qb7 20.Nd2 Nd7 21.Nc4 f5 22.Ne3 Kh8
23.exf5 Bxg2 24.Nxg2 e4 25.Qd5 Qxd5 26.Rxd5 Bxb2 27.fxg6 hxg6 28.Kf1 Bg7 29.f3
Re5 30.Rxe5 Bxe5 31.f4 {#r} 1-0

[Event "Bayern Regionalliga Southeast 2000/01"]
[Site "masterchessopen.com - Bayern (Germany)"]
[Round "7"]
[White "Reich Markus"]
[Black "Rossmanith Alexander (GER)"]
[Result "0-1"]
[WhiteElo "1910"]
[BlackElo "2183"]

1.d4 Nf6 2.c4 e6 3.g3 c5 4.d5 exd5 5.cxd5 d6 6.Nc3 g6 7.Bg2 Bg7 8.Nf3 O-O
9.O-O a6 10.a4 Re8 11.Nd2 Ng4 12.Nc4 f5 13.h3 Ne5 14.Na3 Nbd7 15.Re1 Nf6 16.f4
Ned7 17.Nc4 Qc7 18.Qc2 Rb8 19.a5 b5 20.axb6 Nxb6 21.Nxb6 Qxb6 22.Kh2 Ne4
23.Nxe4 fxe4 24.Bxe4 Qb4 25.Bxg6 hxg6 26.Qxg6 Bf5 {#R} 0-1

[Event "It (open)"]
[Site "masterchessopen.com - Brno (Czech Republic)"]
[Round "1"]
[White "Kudlacek Jaroslav (CZE)"]
[Black "Macharacek Simon (CZE)"]
[Result "1-0"]
[WhiteElo "1960"]
[BlackElo "2183"]

1.d4 Nf6 2.c4 e6 3.g3 c5 4.d5 exd5 5.cxd5 g6 6.Bg2 d6 7.Nc3 Bg7 8.Nf3 O-O
9.O-O Bf5 10.Bg5 Qd7 11.Re1 Ne4 12.Nxe4 Bxe4 13.Qb3 b5 14.a4 c4 15.Qxb5 Qxb5
16.axb5 Bxb2 17.Ra2 c3 18.Nd4 Bxg2 19.Kxg2 Nd7 20.Nc6 Nb6 21.e4 Rfe8 22.Kf1
Nc4 23.f3 f5 24.Ra4 Nd2+ 25.Ke2 fxe4 26.fxe4 Nxe4 27.Ne7+ Rxe7 28.Bxe7 Nc5
29.Rc4 Re8 30.Kd1 Nd3 31.Re2 Ne5 32.Bxd6 Nxc4 33.Rxe8+ {#r} 1-0

[Event "It (open) (b)"]
[Site "masterchessopen.com - Bydgoszcz (Poland)"]
[Round "5"]
[White "Weber Raphael (GER)"]
[Black "Bartel Michal (POL)"]
[Result "1-0"]
[WhiteElo "1912"]
[BlackElo "2075"]

1.d4 Nf6 2.c4 c5 3.d5 e6 4.Nc3 exd5 5.cxd5 d6 6.g3 g6 7.Bg2 Bg7 8.Nf3 O-O
9.Nd2 Re8 10.Nc4 a6 11.a4 Qc7 12.Bf4 Bf8 13.O-O Nbd7 14.Qd2 Rb8 15.a5 b5
16.axb6 Nxb6 17.Na5 Bb7 18.Nc6 Nc4 19.Qc2 Bxc6 20.dxc6 Na5 21.Nd5 Nxd5 22.Bxd5
Nxc6 23.Qxc5 dxc5 24.Bxc7 Rxb2 25.Bxc6 Rc8 26.Be5 Rxe2 27.Bb7 Re8 28.Bf4 c4
29.Bxa6 Rc2 30.Rac1 Ree2 31.Rxc2 Rxc2 32.Rc1 {#r} 1-0

[Event "It"]
[Site "masterchessopen.com - Cannes (France)"]
[Round "8"]
[White "Govciyan Pavel (FRA)"]
[Black "Manolov Ivan (BUL)"]
[Result "0-1"]
[WhiteElo "2229"]
[BlackElo "2324"]

1.d4 Nf6 2.c4 e6 3.g3 c5 4.d5 exd5 5.cxd5 d6 6.Bg2 g6 7.Nc3 Bg7 8.Nf3 O-O
9.O-O Re8 10.Re1 Na6 11.Nd2 Nc7 12.a4 b6 13.Nc4 Ba6 14.Qb3 Bxc4 15.Qxc4 a6
16.Qd3 Rb8 17.e4 b5 18.axb5 axb5 19.Bd2 Nd7 20.Qc2 b4 21.Ne2 Nb5 22.f4 Qf6
23.Ra2 Nd4 24.Qd1 c4 25.e5 dxe5 26.Nxd4 exd4 27.Rxe8+ Rxe8 28.Bxb4 d3 29.Kf1
Qb6 30.Qa4 Qe3 {#R} 0-1

[Event "It (open) \"]
[Site "masterchessopen.com - Copenhagen (Denmark)"]
[Round "1"]
[White "Aaberg Anton (SWE)"]
[Black "Gorecki Zbigniew (POL)"]
[Result "1-0"]
[WhiteElo "2388"]
[BlackElo "2051"]

1.d4 Nf6 2.c4 c5 3.d5 e6 4.Nc3 exd5 5.cxd5 d6 6.g3 g6 7.Bg2 Bg7 8.Nf3 O-O
9.O-O Na6 10.h3 Rb8 11.e4 b5 12.e5 Ne8 13.Bf4 Nac7 14.Re1 Bb7 15.exd6 Nxd6
16.Ne5 g5 17.Bd2 Nc4 18.Nxc4 bxc4 19.Qg4 h6 20.Rad1 Bd4 21.Be3 f5 22.Qh5 Qf6
23.Bxd4 cxd4 24.Nb5 Bxd5 25.Nxc7 Bf7 26.Bd5 Rxb2 27.Ne8 Qb6 28.Re7 Bxd5
29.Rg7+ Kh8 30.Rg6 Qxg6 31.Qxg6 Rf7 32.Qxh6+ Rh7 33.Qf8+ Bg8 34.Qf6+ {#r} 1-0

[Event "Bundesliga (2nd) West 2000/01"]
[Site "masterchessopen.com - Germany"]
[Round "8"]
[White "Loifenfeld Jakov (RUS)"]
[Black "Blaskowski Johannes (GER)"]
[Result "0-1"]
[WhiteElo "2397"]
[BlackElo "2306"]

1.d4 Nf6 2.c4 e6 3.g3 c5 4.d5 exd5 5.cxd5 d6 6.Nc3 g6 7.Bg2 Bg7 8.Nf3 O-O
9.O-O Na6 10.Nd2 Nc7 11.Nc4 Nfe8 12.Bf4 f5 13.a4 b6 14.Re1 Ba6 15.Na3 Qd7
16.Qb3 h6 17.Rad1 Kh7 18.Bh3 g5 19.Bd2 Qf7 20.Qc2 Kh8 21.Nab5 Bb7 22.e4 fxe4
23.Be3 Nxd5 24.Nxe4 Rd8 25.Bg2 Qg6 26.Qb3 Nxe3 27.Rxe3 d5 28.Nd2 Qf7 29.Rf3
Nf6 30.Rf5 Bc8 31.Re5 Ne4 {#R} 0-1

[Event "Bundesliga 2000/01 (w)"]
[Site "masterchessopen.com - Germany"]
[Round "11"]
[White "Mueller Andrea (GER)"]
[Black "Sadkiewicz Joanna (GER)"]
[Result "0-1"]
[WhiteElo "2139"]
[BlackElo "2169"]

1.d4 Nf6 2.Nf3 c5 3.d5 g6 4.c4 e6 5.Nc3 exd5 6.cxd5 d6 7.g3 Bg7 8.Bg2 O-O
9.O-O Na6 10.e4 Re8 11.Re1 Nc7 12.a4 Rb8 13.Nh4 Bg4 14.f3 Bd7 15.f4 Ng4 16.Nf3
f5 17.h3 fxe4 18.Nxe4 Nf6 19.Nxd6 Rxe1+ 20.Qxe1 Bxh3 21.Nxb7 Qxd5 22.Bxh3 Qxf3
23.Bg2 Qh5 24.Bd2 Ng4 25.Bc3 Re8 {#R} 0-1

[Event "Ch Hungary (team) 2000/01"]
[Site "masterchessopen.com - Hungary"]
[Round "8"]
[White "Suto Gabor (HUN)"]
[Black "Kende Gyorgy (HUN)"]
[Result "0-1"]
[WhiteElo "2246"]
[BlackElo "2210"]

1.d4 Nf6 2.c4 c5 3.d5 e6 4.Nc3 exd5 5.cxd5 d6 6.Nf3 g6 7.g3 Bg7 8.Bg2 O-O
9.O-O Na6 10.Nd2 Nc7 11.a4 b6 12.Nc4 Ba6 13.Na3 Qd7 14.Bf4 Nh5 15.Be3 f5
16.Qd2 Rae8 17.Rfe1 Rf7 18.Bf3 Nf6 19.Rad1 Ne4 20.Qc2 Qe7 21.Ncb5 Nxb5 22.axb5
Bc8 23.Nc4 Qf6 24.h4 h6 25.Qc1 Bd7 26.Bxh6 Bxh6 27.Qxh6 Bxb5 28.b3 f4 29.Bg4
fxg3 30.f3 Rh7 31.Qxh7+ Kxh7 {#R} 0-1

[Event "It (open)"]
[Site "masterchessopen.com - Lenk (Switzerland)"]
[Round "5"]
[White "Kachiani-G Ketino (GER)"]
[Black "Hobuss Wolfgang (GER)"]
[Result "1-0"]
[WhiteElo "2455"]
[BlackElo "2131"]

1.d4 Nf6 2.c4 c5 3.d5 e6 4.Nc3 exd5 5.cxd5 d6 6.g3 g6 7.Bg2 Bg7 8.Nf3 O-O
9.O-O Re8 10.Bf4 a6 11.a4 Qe7 12.h3 Nbd7 13.Rb1 Rb8 14.Qc1 b5 15.axb5 axb5
16.b4 c4 17.Nd4 Bb7 18.Ndxb5 Ne5 19.Nd4 Nh5 20.Bg5 Qc7 21.g4 Nf6 22.b5 Nxd5
23.Bxd5 Bxd5 24.Nxd5 Qc5 25.Ne7+ Rxe7 26.Bxe7 Qxd4 27.Rd1 Qe4 28.Bxd6 Re8
29.Qe3 Qa8 30.b6 Nc6 31.b7 Qd8 32.Qxe8+ {#r} 1-0

[Event "Ch Europe (team)"]
[Site "masterchessopen.com - Leon (Spain)"]
[Round "1"]
[White "Dydyshko Viacheslav (BLR)"]
[Black "Brittner Serge (LUX)"]
[Result "1-0"]
[WhiteElo "2516"]
[BlackElo "2202"]

1.d4 Nf6 2.c4 c5 3.d5 e6 4.Nc3 exd5 5.cxd5 d6 6.g3 g6 7.Bg2 Bg7 8.Nf3 O-O
9.O-O a6 10.a4 Nbd7 11.Bf4 Qe7 12.h3 Nh5 13.Bg5 f6 14.Bd2 f5 15.Qc1 Ne5 16.Ng5
Nc4 17.Ne6 Nxd2 18.Qxd2 Re8 19.e4 Bxc3 20.bxc3 Bxe6 21.dxe6 fxe4 22.Bxe4 Nf6
23.Rfe1 Nxe4 24.Rxe4 Qc7 25.Rae1 Re7 26.h4 Rf8 27.c4 Qc6 28.h5 Rf6 29.Qg5 {#r}
1-0

[Event "Ch Europe (team) (w)"]
[Site "masterchessopen.com - Leon (Spain)"]
[Round "3"]
[White "Kachiani-G Ketino (GER)"]
[Black "Hagarova Zuzana (SVK)"]
[Result "1-0"]
[WhiteElo "2455"]
[BlackElo "2335"]

1.d4 Nf6 2.c4 e6 3.g3 c5 4.d5 exd5 5.cxd5 d6 6.Nc3 g6 7.Bg2 Bg7 8.Nf3 O-O
9.O-O Re8 10.Bf4 Na6 11.h3 Nc7 12.a4 Ne4 13.Nxe4 Rxe4 14.Nd2 Rb4 15.Ra2 Bxb2
16.Qc2 Bg7 17.Nc4 b5 18.Na5 Rxa4 19.Rxa4 bxa4 20.Nc6 Qd7 21.Qxa4 Ba6 22.Rb1
Bf8 23.e4 Bd3 24.Rb7 Qc8 25.Rxa7 Rxa7 26.Qxa7 Bb5 27.e5 Bxc6 28.dxc6 Qd8
29.Bg5 Be7 30.exd6 Qxd6 31.Bf4 Qd1+ 32.Kh2 Bd6 33.Qb8+ Kg7 34.Qd8 {#r} 1-0

[Event "It (open)"]
[Site "masterchessopen.com - Moratalaz (Spain)"]
[Round "9"]
[White "Komljenovic Davor (CRO)"]
[Black "Lobato Alvaro (ESP)"]
[Result "1-0"]
[WhiteElo "2501"]
[BlackElo "2052"]

1.d4 Nf6 2.c4 c5 3.d5 e6 4.Nc3 exd5 5.cxd5 d6 6.g3 g6 7.Bg2 Bg7 8.Nf3 O-O
9.O-O a6 10.a4 Nbd7 11.Bf4 Qe7 12.h3 Rb8 13.Qd3 Nh5 14.Bg5 Bf6 15.Bxf6 Nhxf6
16.Rfe1 Re8 17.e4 Ne5 18.Nxe5 Qxe5 19.Rad1 b5 20.axb5 axb5 21.f4 Qh5 22.e5
dxe5 23.g4 Qh4 24.fxe5 Bb7 25.Qf3 Nd7 26.Qf4 b4 27.Nb5 Rf8 28.Nd6 Ba8 29.b3
Qe7 30.g5 Rb6 31.Nc4 Ra6 32.h4 Nb6 33.Nd6 Ra2 34.Bf3 h6 35.gxh6 Rb2 36.Re3 Rd8
37.e6 {#r} 1-0

[Event "Ch Austria"]
[Site "masterchessopen.com - Mureck (Austria)"]
[Round "12"]
[White "Wukits Rene (AUT)"]
[Black "Stanec Nikolaus (AUT)"]
[Result "0-1"]
[WhiteElo "2265"]
[BlackElo "2512"]

1.d4 Nf6 2.c4 c5 3.d5 e6 4.Nc3 exd5 5.cxd5 d6 6.g3 g6 7.Bg2 Bg7 8.Nf3 O-O
9.O-O a6 10.a4 Nbd7 11.h3 Rb8 12.Bf4 Qc7 13.e4 Nh5 14.Bg5 h6 15.Be3 b5 16.axb5
axb5 17.g4 Nhf6 18.e5 dxe5 19.d6 Qd8 20.Ra7 Qb6 21.Rxd7 Nxd7 22.b4 Bb7 23.Qd2
e4 {#R} 0-1

[Event "It (open)"]
[Site "masterchessopen.com - Oberwart (Austria)"]
[Round "9"]
[White "Gleizerov Evgeny (RUS)"]
[Black "Wukits Rene (AUT)"]
[Result "1-0"]
[WhiteElo "2575"]
[BlackElo "2265"]

1.d4 Nf6 2.c4 e6 3.g3 c5 4.d5 exd5 5.cxd5 d6 6.Nc3 g6 7.Nf3 Bg7 8.Bg2 O-O
9.O-O a6 10.a4 Nbd7 11.Bf4 Qe7 12.h3 Rb8 13.e4 Ne8 14.Bg5 f6 15.Bd2 b5 16.axb5
axb5 17.Qc2 b4 18.Nd1 Nc7 19.Nd4 Ne5 20.Nc6 Nxc6 21.dxc6 Nb5 22.Ne3 Nd4 23.Nd5
Qe8 24.c7 Rb7 25.Qd3 Kh8 26.Bxb4 Be6 27.Ba5 Qc8 28.Ne7 Qd7 29.c8=Q Rxc8
30.Nxc8 Qxc8 31.Bc3 {#r} 1-0

[Event "It (open)"]
[Site "masterchessopen.com - Pardubice (Czech Republic)"]
[Round "2"]
[White "Yevseev Denis (RUS)"]
[Black "Zvara Petr (CZE)"]
[Result "1-0"]
[WhiteElo "2541"]
[BlackElo "2351"]

1.d4 Nf6 2.c4 c5 3.d5 e6 4.Nc3 exd5 5.cxd5 d6 6.Nf3 g6 7.g3 Bg7 8.Bg2 O-O
9.O-O Na6 10.Nd2 Nc7 11.Nc4 Rb8 12.a4 b6 13.Nb5 a6 14.Nxc7 Qxc7 15.Nxd6 b5
16.Nxc8 Rbxc8 17.axb5 axb5 18.e4 c4 19.Be3 Ra8 20.Rxa8 Rxa8 21.d6 Qd7 22.e5
Ra6 23.exf6 Rxd6 24.Qf3 Bxf6 25.Bc5 Ra6 26.Rd1 Qe8 27.Qb7 Re6 28.Bd5 Re2
29.Bc6 {#r} 1-0